Statistics for NBA Players from Nebraska

Click here to take the quiz!

General Stats

  • This quiz has been taken 2 times
  • The average score is 3 of 11

Answer Stats

PositionPlayerDraft Year% Correct
SFIsaiah Roby2019
100%
GTyronn Lue1998
100%
FAndrew White2017
50%
GStu Lantz1968
0%
CDave Hoppen1986
0%
GEric Johnson1989
0%
CRich King1991
0%
FTony Farmer1991
0%
GFEric Piatkowski1994
0%
GErick Strickland1996
0%
FCMikki Moore1997
0%

Score Distribution

Percentile by Number Answered

Percent of People with Each Score

Your Score History

You have not taken this quiz